Science Generator Puzzle #2 - Statistics

General Stats
  • This quiz has been taken 847 times
  • The average score is 12 of 21
Answer Stats
Clue Answer % Correct
Underground plant part Root
93%
Fourth planet from the sun Mars
92%
The sun is one of these Star
92%
An adult human male Man
91%
Small element particle Atom
87%
Jupiter has 63 of these Moons
87%
Rodent; a large mouse Rat
86%
The upper limbs of a human Arms
79%
An illuminating line of sunlight Ray
75%
Male sheep Ram
72%
Relating to celestial objects Astro
66%
Satellite abbreviation Sat.
62%
ASTRONOMY
58%
Trunk of human body Torso
53%
"Messenger" R.N.A. mRNA
34%
___ Farm, ___ Hill Ant
30%
Made during coal combustion Soot
29%
To categorize rock particles Sort
24%
'Cloud region' beyond planets Oort
17%
Fossil collector Anning Mary
15%
Swedish satellite (The ____-1) SMART
2%
No matching quizzes found
Score Distribution
Percent of People with Each Score
Percentile by Number Answered
Your Score History
You have not taken this quiz